000
00298nam a22001337a 4500
003
SGT
020
_a
9789354661310
082
_a
615.7
_b
GHA
100
_a
GHANGAS JYOTI
245
_a
BIOPHARMACEUTICS AND PHARMACOKINETICS
260
_a
INDIA
_b
CBS PUB
_c
2026
300
_a
156
942
_2
ddc
_c
BK
999
_c
34477
_d
34477